000 00483nam a22001937a 4500
003 MPLRDC
005 20220104155820.0
008 210129b ||||| |||| 00| 0 eng d
020 _a957-667-113-2
082 _a490.7 XXY c.2
100 _a萧新永
245 _a孙子兵法的管理智慧
_c
250 _a二版4刷
260 _a台湾
_b商周出版
_c2000
300 _b
490 _a新商业周刊丛书. 16
650 _a商学总论
942 _cBK
_o490.7 XXY c.2
999 _c54685
_d54675